THE MAN IN THE STREET THE IMPACT OF AMERICAN PUBLIC OPINION OF FOREIGN POLICY (Record no. 568181)

000 -LEADER
fixed length control field 00302nam a22001097a 4500
082 ## - DEWEY DECIMAL CLASSIFICATION NUMBER
Classification number 327.1973 BAI'M
100 ## - MAIN ENTRY--PERSONAL NAME
Personal name BALLY, THOMAS A
9 (RLIN) 57944
245 ## - TITLE STATEMENT
Title THE MAN IN THE STREET THE IMPACT OF AMERICAN PUBLIC OPINION OF FOREIGN POLICY
260 ## - PUBLICATION, DISTRIBUTION, ETC.
Place of publication, distribution, etc. NEWYORK
Name of publisher, distributor, etc. MACMILLAN
Date of publication, distribution, etc. 1948
300 ## - PHYSICAL DESCRIPTION
Extent 334P
942 ## - ADDED ENTRY ELEMENTS (KOHA)
Koha item type Book
Holdings
Withdrawn status Lost status Damaged status Not for loan Permanent Location Current Location Shelving location Date acquired Total Checkouts Full call number Barcode Date last seen Price effective from Koha item type
        College of Electrical & Mechanical Engineering (CEME) College of Electrical & Mechanical Engineering (CEME) General Stacks 07/14/2017   327.1973 BAI'M CEME-3658 06/28/2021 06/28/2021 Book
© 2023 Central Library, National University of Sciences and Technology. All Rights Reserved.